Neue Wege in der Sozialarbeit - Sozialarbeit und Stadtentwicklung

Gespeichert in:  
Bibliographische Detailangaben
1. VerfasserIn: Brocke, Hartmut 1948- (Verfasst von)
Medienart: Druck Aufsatz
Sprache:Deutsch
Veröffentlicht: 1992
In: Theorie und Praxis der sozialen Arbeit
Jahr: 1992, Band: 43, Heft: 11, Seiten: 410-419
Verfügbarkeit prüfen: HBZ Gateway
Schlagwörter:

MARC

LEADER 00000caa a22000002c 4500
001 1640203982
003 DE-627
005 20220608131352.0
007 tu
008 160223s1992 xx ||||| 00| ||ger c
035 |a (DE-627)1640203982 
035 |a (DE-576)456082069 
035 |a (DE-599)BSZ456082069 
040 |a DE-627  |b ger  |c DE-627  |e rakwb 
041 |a ger 
100 1 |a Brocke, Hartmut  |d 1948-  |0 (DE-588)1033549088  |0 (DE-627)742243133  |0 (DE-576)381176819  |4 aut 
109 |a Brocke, Hartmut 1948- 
245 1 0 |a Neue Wege in der Sozialarbeit - Sozialarbeit und Stadtentwicklung  |c Hartmut Brocke 
264 1 |c 1992 
336 |a Text  |b txt  |2 rdacontent 
337 |a ohne Hilfsmittel zu benutzen  |b n  |2 rdamedia 
338 |a Band  |b nc  |2 rdacarrier 
773 0 8 |i In  |t Theorie und Praxis der sozialen Arbeit  |d Weinheim : Beltz Juventa, 1972  |g 43(1992), 11, Seite 410-419  |w (DE-627)129400831  |w (DE-600)186497-X  |w (DE-576)014783185  |x 0342-2275  |7 nnas 
773 1 8 |g volume:43  |g year:1992  |g number:11  |g pages:410-419 
935 |a mkri 
951 |a AR 
ELC |b 1 
LOK |0 000 xxxxxcx a22 zn 4500 
LOK |0 001 3301638686 
LOK |0 003 DE-627 
LOK |0 004 1640203982 
LOK |0 005 20160223101346 
LOK |0 008 160208||||||||||||||||ger||||||| 
LOK |0 040   |a DE-21-110  |c DE-627  |d DE-21-110 
LOK |0 689   |a s  |a Sozialarbeit 
LOK |0 852   |z Kein Bestand am IfK; Nachweis für KrimDok 
LOK |0 852   |a DE-21-110 
LOK |0 852 1  |m v  |9 00 
LOK |0 935   |a k110 
LOK |0 938   |k v 
LOK |0 939   |a 08-02-16  |b l01 
ORI |a SA-MARC-krimdoka001.raw